000 00426nam a2200145 a 4500
001 000039179
005 20201002031530.0
008 130606s2012 dr a 000 0 spa d
020 _a9789945006421
040 _aDO-SdBNP
_bspa
_cBNPHU
100 1 _aJesús Rodríguez, Emmanuel de
_965376
245 1 0 _a24 /
_cEmmanuel de Jesús Rodríguez.
260 _aSanto Domingo :
_bCentenario,
_c2012.
300 _a214 p. :
_bils. ;
_c25 cm.
999 _c38669
_d38669